Primeiro amor (Record no. 56812)

MARC details
000 -LÍDER
campo de controle de tamanho fixo 00324 a2200157 4500
001 - NÚMERO DE CONTROLE
campo de controle 56812
020 ## - ISBN - INTERNATIONAL STANDARD BOOK NUMBER
ISBN - International Standard Book Number 853050240x
040 ## - FONTE DA CATALOGAÇÃO
Instituição que transcreveu o registro Anchieta - Pituba
100 ## - ENTRADA PRINCIPAL--NOME PESSOAL
Nome pessoal Galdino, Luiz
240 10 - TÍTULO UNIFORME
Título uniforme Primeiro amor
Idioma da obra por
245 10 - TÍTULO
Título Primeiro amor
300 ## - DESCRIÇÃO FÍSICA
Extensão 127
362 0# - DATAS DE PUBLICAÇÃO E/OU DESIGNAÇÃO SEQUENCIAL
Datas de publicação e/ou designação sequencial 2000
650 #4 - ASSUNTO--TERMO TÓPICO
Cabeçalho tópico ou nome geográfico Literatura juvenil
942 ## - ELEMENTOS DE ENTRADA ADICIONADOS (KOHA)
Tipo de material Koha Livros
Holdings
Situação do descarte Situação das perdas Situação física Não pode ser emprestado Biblioteca de origem Biblioteca atual Data de aquisição Total de empréstimos Número de chamada completo Código de barras Data de último acesso Data do preço efetivo Tipo de material Koha Fonte da classificação ou esquema de arquivamento na estante Nota pública Número do exemplar
        Colégio Anchieta - Pituba Colégio Anchieta - Pituba 21/11/2023   LJ 028.5 G149p GAL PRI 6479/PIT 21/11/2023 21/11/2023 Livros      
        Novo Tempo - Aureliano São José Novo Tempo - Aureliano São José 15/05/2024     nt578 15/05/2024 15/05/2024 Livros Classificação Decimal de Dewey estante laranja  
        Portinari - Salvador Portinari - Salvador 13/08/2024   028.5 G149p 7984/CCP 13/08/2024 13/08/2024 Livros     Ex. 1
        Portinari - Salvador Portinari - Salvador 16/08/2024   028.5 G149p 7855/CCP 16/08/2024 16/08/2024 Livros     Ex. 1